| 000 -CABECERA |
| fixed length control field |
01616nam a22002537a 4500 |
| 003 - IDENTIFICADOR DEL NÚMERO DE CONTROL |
| control field |
AR-CdUCM |
| 008 - DATOS DE LONGITUD FIJA--INFORMACIÓN GENERAL |
| fixed length control field |
190425b ||||| |||| 00| 0 spa d |
| 040 ## - FUENTE DE LA CATALOGACIÓN |
| Agencia/entidad que catalogó originalmente la obra |
MUNICIPALIDAD PROVINCIAL DEL CUSCO |
| Entidad que transcribió la catalogación |
BIBLIOTECA MUNICIPAL DEL CUSCO |
| 082 ## - NÚMERO DE LA CLASIFICACIÓN DECIMAL DEWEY |
| No. de Clasificación |
Rev.MAS ALLA/N°1/1922 |
| 245 ## - MENCIÓN DE TÍTULO |
| Título |
Revista Más Allá.... : |
| Resto del título |
revista mensual literario científica / |
| Mención de responsabilidad |
Director G.A. Gonzáles Willis |
| 260 ## - PUBLICACIÓN, DISTRIBUCIÓN, ETC. |
| Lugar de publicación, distribución, etc. |
Cusco : |
| Nombre de la editorial, distribuidor, etc. |
[sn], |
| Fecha de publicación, distribución, etc. |
1922. |
| 300 ## - DESCRIPCIÓN FÍSICA |
| Nº de Páginas Extensión |
70 páginas. : |
| Dimensiones |
21 cm. |
| 440 ## - MENCIÓN DE SERIE/PUNTO DE ACCESO ADICIONAL--TÍTULO |
| Título |
Revista Más Allá. |
| Número de la parte/sección de una obra |
Año 1, junio de 1922, Número,1. |
| 9 (RLIN) |
46754 |
| 505 ## - NOTA DE CONTENIDO CON FORMATO |
| Nota de contenido formateada |
Contenido: El veneno del sueño. Raquel M. Bocangel. -- Sugerencias de un viaje. -- El radio. Gonzales Willis. -- El esfuerzo y el triunfo. Anibal Estrada. -- La Filosofía de Bergson. Sixto Coello Jara -- Investigación del Bacilo de Erberth i del Bacilo Coli Comunis en las guas. H. Bert. -- El color de las flores i los frutos precoces. Antonio Lorena. -- Microminerología. Francisco Sivirichi. -- San Cristóbal las parroquias. José Uriel García. -- Francisco Villaespesa. -- La envidia fragmento tomado de El hombre mediocre de José Ingenieros. -- El Sol su pasado y su porvenir el valor del brillo solar. -- El origen del hombre. -- Manuel Gonzáles Prada. -- La tristeza del Inca. José Santos Chocano. -- Pensamientos. Anatole France. |
| 650 ## - PUNTO DE ACCESO ADICIONAL DE MATERIA--TÉRMINO DE MATERIA |
| Descriptor |
Literatura cusqueña |
| 9 (RLIN) |
46755 |
| 650 ## - PUNTO DE ACCESO ADICIONAL DE MATERIA--TÉRMINO DE MATERIA |
| Descriptor |
Filosofía |
| 9 (RLIN) |
395 |
| 650 ## - PUNTO DE ACCESO ADICIONAL DE MATERIA--TÉRMINO DE MATERIA |
| Descriptor |
Historia del Cusco |
| 9 (RLIN) |
1714 |
| 650 ## - PUNTO DE ACCESO ADICIONAL DE MATERIA--TÉRMINO DE MATERIA |
| Descriptor |
Parroquias del Cusco |
| 9 (RLIN) |
5792 |
| 700 ## - PUNTO DE ACCESO ADICIONAL--NOMBRE DE PERSONA |
| Nombre Personal |
Uriel García, José |
| 9 (RLIN) |
4176 |
| 700 ## - PUNTO DE ACCESO ADICIONAL--NOMBRE DE PERSONA |
| Nombre Personal |
Sivirichi, Francisco |
| 9 (RLIN) |
46756 |
| 700 ## - PUNTO DE ACCESO ADICIONAL--NOMBRE DE PERSONA |
| Nombre Personal |
Coello Jara, Sixto |
| 9 (RLIN) |
32446 |
| 942 ## - ELEMENTOS DE PUNTO DE ACCESO ADICIONAL (KOHA) |
| Fuente de clasificación |
|
| Tipo de item |
Revistas cusqueñas |
| 945 ## - PROCESAMIENTO DE INFORMACIÓN LOCAL (OCLC) |
| Catalogador |
rac |